| 000 | 00702cam a2200217 4500500 | ||
|---|---|---|---|
| 005 | 20260405003835.0 | ||
| 041 | _afre | ||
| 042 | _adc | ||
| 100 | 1 | 0 |
_aLarmagnac-Matheron, Octave _eauthor |
| 245 | 0 | 0 | _aLa vérité est-elle (vraiment) ailleurs ? Réponses de Leibniz… et de Valérie Pécresse |
| 260 | _c2024. | ||
| 500 | _a5 | ||
| 690 | _aGrand Paris | ||
| 690 | _aJeux Olympiques | ||
| 690 | _aLeibniz | ||
| 690 | _aUniversalisme | ||
| 690 | _aValérie Pécresse | ||
| 690 | _aVérité | ||
| 786 | 0 | _nPhilosophie magazine | 179 | 5 | 2024-05-01 | p. 5-5 | 1951-1787 | |
| 856 | 4 | 1 | _uhttps://shs.cairn.info/magazine-philosophie-magazine-2024-5-page-5?lang=fr&redirect-ssocas=7080 |
| 999 |
_c2071328 _d2071328 |
||